• 首页
  • 本馆介绍
  • 公告通知
  • 最新文献
  • 馆藏检索
  • 电子资源
  • 读者导购
  • 参考咨询
  • 我的图书馆
  • 登录
  • 详细信息显示
  • 放入我的书架
  • 预约/预借图书
  • 作者相关作品
  • 分类相关作品
  • 丛书相关作品
  • 出版社相关作品

书目信息

  • 表格格式
  • 工作单格式
  • 卡片格式
题名:
西非诸国(二):科特迪瓦、尼日尔、布基纳法索、几内亚、利比利亚、塞拉利昂
    
 
作者: 沪声 编著
分册:  
出版信息: 北京   军事谊文出版社  1996.3
页数: 177页
开本: 19cm
丛书名: 世界各国知识丛书.非洲卷
单 册:
中图分类: Z1
科图分类:
主题词: 丛书
电子资源:
ISBN: 7-80027-651-1
000 00620nam0 2200217 45
001 0004171517
005 20040519091801.3
010    @a7-80027-651-1@dCNY56
100    @a20000417d1996 km y0chiy0120 ea
101    @achi
105    @a z 000yy
200 1  @a西非诸国(二):科特迪瓦、尼日尔、布基纳法索、几内亚、利比利亚、塞拉利昂@f沪声等编著
210    @a北京@c军事谊文出版社@d1996.3
215    @a177页@d19cm
225    @a世界各国知识丛书.非洲卷
410    @12001 @a世界各国知识丛书.非洲卷
606 0  @a丛书
690    @aZ1@v1
701    @a沪声@4编著
801    @aCN@bTSTC@c20000417
905    @dZ1@e56:2(2)@f1@b287741
    
    西非诸国(二):科特迪瓦、尼日尔、布基纳法索、几内亚、利比利亚、塞拉利昂/沪声等编著.-北京:军事谊文出版社,1996.3
    177页;19cm.-(世界各国知识丛书.非洲卷)
    
    
    ISBN 7-80027-651-1:CNY56
    
●
相关链接 在E读中查询图书 在五车中查询图书 在当当中查询图书 在豆瓣中查询图书


正题名:西非诸国(二):科特迪瓦、尼日尔、布基纳法索、几内亚、利比利亚、塞拉利昂     索取号:Z1/56:2(2)         预约/预借

序号 登录号 条形码 馆藏地/架位号 状态 备注
1 0287741   002877417   第三借阅区/ [索取号:Z1/56:2(2)] 在馆    
2 0287742   002877426   第三借阅区/ [索取号:Z1/56:2(2)] 在馆    
3 0287743   002877435   第二样本阅览室/ [索取号:Z1/56:2(2)] 在馆    
唐山师范学院图书馆 欢迎您!
大连网信软件有限公司© 版权所有